<?xml version="1.0" encoding="UTF-8"?><?xml-stylesheet type="text/xsl" href="static/style.xsl"?><OAI-PMH xmlns="http://www.openarchives.org/OAI/2.0/" xmlns:xsi="http://www.w3.org/2001/XMLSchema-instance" xsi:schemaLocation="http://www.openarchives.org/OAI/2.0/ http://www.openarchives.org/OAI/2.0/OAI-PMH.xsd"><responseDate>2026-04-27T21:21:55Z</responseDate><request verb="GetRecord" identifier="oai:uvadoc.uva.es:10324/54589" metadataPrefix="marc">https://uvadoc.uva.es/oai/request</request><GetRecord><record><header><identifier>oai:uvadoc.uva.es:10324/54589</identifier><datestamp>2022-08-26T19:00:31Z</datestamp><setSpec>com_10324_53891</setSpec><setSpec>com_10324_954</setSpec><setSpec>com_10324_894</setSpec><setSpec>col_10324_53892</setSpec></header><metadata><record xmlns="http://www.loc.gov/MARC21/slim" xmlns:doc="http://www.lyncode.com/xoai" xmlns:xsi="http://www.w3.org/2001/XMLSchema-instance" xmlns:dcterms="http://purl.org/dc/terms/" xsi:schemaLocation="http://www.loc.gov/MARC21/slim http://www.loc.gov/standards/marcxml/schema/MARC21slim.xsd">
<leader>00925njm 22002777a 4500</leader>
<datafield tag="042" ind1=" " ind2=" ">
<subfield code="a">dc</subfield>
</datafield>
<datafield tag="720" ind1=" " ind2=" ">
<subfield code="a">Vásquez Leyton, Gabriela</subfield>
<subfield code="e">author</subfield>
</datafield>
<datafield tag="720" ind1=" " ind2=" ">
<subfield code="a">Sánchez Agusti, María</subfield>
<subfield code="e">author</subfield>
</datafield>
<datafield tag="720" ind1=" " ind2=" ">
<subfield code="a">Vásquez Lara, Nelson</subfield>
<subfield code="e">author</subfield>
</datafield>
<datafield tag="260" ind1=" " ind2=" ">
<subfield code="c">2017</subfield>
</datafield>
<datafield tag="520" ind1=" " ind2=" ">
<subfield code="a">En este artículo se expone parte de los resultados de un estudio que ha buscado conocer las ideas de los estudiantes de secundaria chilena sobre este proceso y cómo se ha desarrollado su aprendizaje. El estudio cuali-cuantitativo se realizó a partir de los discursos de 616 estudiantes de centros educativos de las ciudades más pobladas del país. Sus ideas se recogen mediante un cuestionario de preguntas abiertas y cerradas analizadas a través de un programa estadístico informático. De los resultados obtenidos se ha podido deducir que el texto escolar es el principal protagonista de los aprendizajes, siendo utilizado fundamentalmente para la realización de actividades tradicionales como leer y estudiar el texto. Los videos y películas, así como internet, se hacen un hueco en los aprendizajes con un carácter esporádico y complementario a las explicaciones del profesor, mientras que las canciones, la prensa y la propaganda política apenas tienen presencia.</subfield>
</datafield>
<datafield tag="520" ind1=" " ind2=" ">
<subfield code="a">The aim of this paper is to analyse Chilean secondary-education students’ ideas regarding this nation’s transition to democracy, focusing on the learning process. This study, which applies a mixed-methods approach, examines the narratives provided by 616 students belonging to schools located in Chile’s most populated cities. Students’ perceptions are gathered by using a closed and open-ended questionnaire, and analysed by using a statistical computer software. Results show that the school textbook is the main learning protagonist, and that it is being mainly used for the implementation of traditional activities, such as reading and memorising texts. Videos and films, as well as the Internet, also show an important, but sporadic role in the learning process, only complementing teachers’ expositions. The use of songs, newspapers and political propaganda is also scarce.</subfield>
</datafield>
<datafield tag="024" ind2=" " ind1="8">
<subfield code="a">Clío: History and History Teaching, Nº. 43 (Coors. monográfico: Trigueros, Francisco Javier y  Molina, Jesús (Universidad de Murcia)), 2017 (Ejemplar dedicado a: Enseñanza de la Historia y desarrollo de las competencias sociales y cívicas.), págs. 42-72</subfield>
</datafield>
<datafield tag="024" ind2=" " ind1="8">
<subfield code="a">1139-6237</subfield>
</datafield>
<datafield tag="024" ind2=" " ind1="8">
<subfield code="a">https://uvadoc.uva.es/handle/10324/54589</subfield>
</datafield>
<datafield tag="024" ind2=" " ind1="8">
<subfield code="a">42</subfield>
</datafield>
<datafield tag="024" ind2=" " ind1="8">
<subfield code="a">43</subfield>
</datafield>
<datafield tag="024" ind2=" " ind1="8">
<subfield code="a">72</subfield>
</datafield>
<datafield tag="024" ind2=" " ind1="8">
<subfield code="a">Clío: History and History Teaching</subfield>
</datafield>
<datafield ind1=" " ind2=" " tag="653">
<subfield code="a">Historia - Estudio y enseñanza</subfield>
</datafield>
<datafield ind1=" " ind2=" " tag="653">
<subfield code="a">Chile - Historia</subfield>
</datafield>
<datafield ind1=" " ind2=" " tag="653">
<subfield code="a">Chile - Historia - Transición - Estudio y enseñanza</subfield>
</datafield>
<datafield ind1=" " ind2=" " tag="653">
<subfield code="a">Educación secundaria</subfield>
</datafield>
<datafield ind1=" " ind2=" " tag="653">
<subfield code="a">Chile - Historia - Fuentes</subfield>
</datafield>
<datafield ind1=" " ind2=" " tag="653">
<subfield code="a">América Latina - Historia - Fuentes</subfield>
</datafield>
<datafield ind1=" " ind2=" " tag="653">
<subfield code="a">Recursos educativos</subfield>
</datafield>
<datafield tag="245" ind1="0" ind2="0">
<subfield code="a">Las fuentes de conocimiento histórico sobre la transición democrática chilena en las aulas de secundaria</subfield>
</datafield>
</record></metadata></record></GetRecord></OAI-PMH>